000 00448nam a22001697a 4500
005 20260209122447.0
008 260209b |||||||| |||| 00| 0 eng d
020 _a978-1-266-86755-2
100 _aANDERSON, DENISE
245 _aNESTER'S MICROBIOLOGY
_bA HUMAN PERSPECTIVE
260 _aNEW YORK
_bMCGRAW HILL
_c2024
300 _aXXXV,821P.
500 _aINCLUDES INDEX
650 _aMICROBIOLOGY
700 _aSALM, SARAH
942 _2lcc
_cBK
999 _c216567
_d216567